Países menos visitados de América - Estadísticas

Estadísticas generales
  • Esta prueba ha sido intentada 161 veces
  • La puntuación promedio es 8 de 10
Estadísticas de respuestas
Ranking
País % Correcto
5. Guyana
79%
9. Haiti
79%
7. Surinam
78%
4. Granada
76%
1. San Vicente y Las Granadinas
76%
6. Antigua y Barbuda
75%
3. San Cristóbal y Nieves
75%
8. Belice
74%
10. Santa Lucía
74%
2. Dominica
65%
No se encontraron pruebas coincidentes
Distribución de puntuación
Porcentaje de gente con cada puntuación
Porcentaje por número respondido
Historial de tus puntuaciones
No has intentado esta prueba.